Normal view
MARC view
Entry Topical Term
001 - CONTROL NUMBER
- control field: 1234900
003 - CONTROL NUMBER IDENTIFIER
- control field: OSt
005 - DATE AND TIME OF LATEST TRANSACTION
- control field: 20260416100318.0
008 - FIXED-LENGTH DATA ELEMENTS
- fixed length control field: 260416|| aca||aabn | a|a d
040 ## - CATALOGING SOURCE
- Original cataloging agency: OSt
- Transcribing agency: OSt
150 ## - HEADING--TOPICAL TERM
- Topical term or geographic name entry element: BULLYING- SCHOOLS
670 ## - SOURCE DATA FOUND
- Source citation: Work cat.: (OSt)1848270: Sharma, Swati 1234899, Insight into bullying fron developmental contextual perspective in schools of East Delhi/, 2025
